00709nam a22002297a 4500003001100000005001700011008004100028020001500069040003900084041000800123082001700131100002600148245003800174250001200212260005100224300004200275650002200317700002600339942000700365952009200372999001500464LK-CoMWRAF20231109105559.0231022b2004 |||||||| |||| 00| 0 eng d a0072463317 aLK-CoMWRAFdLK-CoMWRAFeLK-CoMWRAF aeng a621.319bALE aAlexander, Charles K. aFundamentals of electric circuits a2nd ed. aBoston : bMcGraw-Hill Higher Education,c2004 axxviii, 904, [117] p. : ill. ; 27 cm. aELECTRIC CIRCUITS aSadiku, Matthew N. O. cBK 00104070aMAINbMAINd2023-10-22l0o621.319 ALEpRAF1821r2023-10-22w2023-10-22yBK c3971d3971